000 00678nam a2200241Ia 4500
003 OSt
005 20221005040110.0
006 a|||||r|||| 00| 0
007 ta
008 221004b |||||||| |||| 00| 0 eng d
024 _a72069
037 _cTextual
040 _aCRL
_cCRL
_beng
041 _2eng
_aeng
082 _aY15-31.277, M6
100 _aSaikia P. D. etc.
_9588892
245 0 _aIndian rural women
_b A study on role and status of rural women in Assam
260 _aDelhi
_bMittal India
_c1986
300 _aviii,134p
_ccm.
650 _aSOCIOLOGY
942 _hY15-31.277, M6
_cTEXL
_2cc
999 _c946368
_d946368